Bác Hồ viên ngọc quý của mọi thời đại
Gardado en:
| Autor Principal: | |
|---|---|
| Formato: | Libro |
| Idioma: | Vietnamese |
| Publicado: |
Hà Nội
Thanh Niên
2017
|
| Những chủ đề: | |
| Các nhãn: |
Engadir etiqueta
Sen Etiquetas, Sexa o primeiro en etiquetar este rexistro!
|
| Thư viện lưu trữ: | Trung tâm Học liệu Lê Vũ Hùng, Trường Đại học Đồng Tháp |
|---|
| LEADER | 00829nam a22002538a 4500 | ||
|---|---|---|---|
| 001 | 00040187 | ||
| 005 | 20171116081112.0 | ||
| 008 | 171115s2017####-vm#################vie|d | ||
| 020 | # | # | |a 978 604 64 6983 4 |c 129000 |
| 041 | 0 | # | |a Vie |
| 082 | 1 | 4 | |a 959.704 092 |b B101H |
| 100 | 1 | # | |a Nguyễn, Văn Khoan |
| 245 | 1 | 0 | |a Bác Hồ viên ngọc quý của mọi thời đại |c Nguyễn Văn Khoan |
| 260 | # | # | |a Hà Nội |b Thanh Niên |c 2017 |
| 300 | # | # | |a 368 tr |c 24 cm. |
| 653 | # | # | |a Hồ Chí Minh |
| 653 | # | # | |a Lãnh tụ cách mạng |
| 653 | # | # | |a Việt Nam |
| 653 | # | # | |a cuộc đời |
| 653 | # | # | |a sự nghiệp |
| 852 | # | # | |j KD.0022421 |j KM.0023176 |j KM.0023175 |j KM.0023174 |
| 910 | |d 16/11/2017 | ||
| 980 | # | # | |a Trung tâm Học liệu Lê Vũ Hùng, Trường Đại học Đồng Tháp |